| 000 | 00540nam a2200217Ia 4500 | ||
|---|---|---|---|
| 003 | OSt | ||
| 005 | 20231012093238.0 | ||
| 008 | 210210b1921 xxu||||| |||| 00| 0 eng d | ||
| 040 | _cAL | ||
| 041 | _aeng | ||
| 082 | _a336/198 | ||
| 100 |
_aWORTS (F R) _9137596 |
||
| 245 | _aModern industrial history | ||
| 260 |
_aLondon _bHodder and Stoughton Limited _c1921 |
||
| 650 |
_aModern _9137597 |
||
| 650 |
_aindustrial _9137598 |
||
| 650 |
_ahistory _9137599 |
||
| 690 |
_aEconomic History _9137600 |
||
| 906 | _a004935 | ||
| 942 |
_2ddc _cBK |
||
| 999 |
_c128548 _d128548 |
||